| 000 | 00899 a2200193 4500 | ||
|---|---|---|---|
| 999 |
_c4856 _d4856 |
||
| 020 | _a0787631280 (alk. paper) | ||
| 050 | 0 | 0 | _aPS3511 FIT 1926 |
| 245 | 0 | 0 |
_aF. Scott Fitzgerald's The great Gatsby : _ba documentary volume / _cedited by Matthew J. Bruccoli. |
| 264 |
_aLondon : _bPenguin, _c1926 |
||
| 300 |
_axviii, 387 p. : _bill., maps ; |
||
| 440 | 0 | _aDictionary of literary biography ; | |
| 500 | _a"A Bruccoli Clark Layman book." Includes notes (p. 173) | ||
| 504 | _aIncludes bibliographical references (p. 311-321) and index. | ||
| 650 |
_aFiction _xLove |
||
| 651 | _aNew York | ||
| 700 | 1 |
_aBruccoli, Matthew J. _q(Matthew Joseph), _d1931-2008. _eeditor |
|
| 942 |
_2lcc _cBK _h3511 _iFIT _kPR |
||